Isotopes in agriculture / (Record no. 385)
[ view plain ]
| 000 -LEADER | |
|---|---|
| fixed length control field | 00439cam a2200169ua 4500 |
| 041 ## - LANGUAGE CODE | |
| Language code of text/sound track or separate title | eng |
| 082 ## - DEWEY DECIMAL CLASSIFICATION NUMBER | |
| Classification number | 630.57 |
| Item number | RAM/IS |
| 100 ## - MAIN ENTRY--AUTHOR NAME | |
| Personal name | Ramulu, Sree U S . |
| 245 ## - TITLE STATEMENT | |
| Title | Isotopes in agriculture / |
| 260 ## - PUBLICATION, DISTRIBUTION, ETC. (IMPRINT) | |
| Place of publication | New Delhi : |
| Name of publisher | Oxford & IBH Publishing company , |
| Year of publication | 1982. |
| 300 ## - PHYSICAL DESCRIPTION | |
| Number of Pages | 320 ; . |
| 942 ## - ADDED ENTRY ELEMENTS (KOHA) | |
| Koha item type | Books |
| Withdrawn status | Lost status | Damaged status | Home library | Current library | Date acquired | Full call number | Accession Number | Koha item type |
|---|---|---|---|---|---|---|---|---|
| KAUAET | KAUAET | 02/09/1986 | 630.57 | 15632 | Books |
